000 00801nam a22002537a 4500
003 CHAP
005 20220329134205.0
008 971013s r 00010 d
010 _a16710
011 _a17682
035 _a21765
040 _cCHAP
090 _aR-156
100 0 0 _aHubbes, Martin.
_956605
245 _aHost-parasite in the Hypoxylon canker of aspen
500 _aSobretiro de : Breeding Pest-Resistant Trees Proc. NATO and NSF Symp. Pennsylvania State Univ. 1964. Oxford, Pergamon Press, 1966 pp. 229-238
590 _aBATCH-UPD
_b10
_c20130110
_lUCH01
_h1348
590 _aCONVERSION
_b10
_c20130109
_lUCH01
_h1310
650 1 4 _aHypoxylon.
_957117
650 1 4 _aPopulus tremuloides.
_990924
901 _aBK
942 _cREIMP
949 _aR-156
_bBC
_cR
_d-50619
_eTS1
_i21765
_si
999 _c16710
_d16710